Taylor Swift - Les Vault Tracks de 1989 (Taylor's Version) - Statistiques

Statistiques générales
  • Ce quiz a été pris 59 fois
  • Le résultat moyen est 5 sur 5
Statistiques - réponses
Hint Réponse % Correct
1989 (Taylor's Version) "Slut!"
100%
1989 (Taylor's Version) Is It Over Now?
96%
1989 (Taylor's Version) Suburban Legends
94%
1989 (Taylor's Version) Now That We Don't Talk
92%
1989 (Taylor's Version) Say Don't Go
84%
Aucun quiz correspondant
Distribution des résultats
% des personnes avec chaque résultat
Percentile par nombre de réponses
Votre historique - résultats
Vous n’avez pas pris ce quiz